000 00306nam a2200121 4500
999 _c11106
_d11106
082 _a423OXF
100 _aOxford University Press
245 _aOxford Urdu to English Dictionary
260 _aUK:
_bOxford University Press,
_c2013.
300 _a1125p. ;
650 _aOxford University Press,
942 _cBK